Cities that End in "Ville" by Clue - Statistics

General Stats
  • This quiz has been taken 2,688 times
    2,015 since last reset
  • The average score is 9 of 20
Answer Stats
Hint City % Correct
City that is home to the Country Music Hall of Fame and Museum Nashville
93%
National capital that faces Kinshasa to its south Brazzaville
84%
National capital whose name is French for "Freetown" Libreville
82%
Where the NFL's Jaguars play football Jacksonville
79%
Capital of Andalusia Seville
74%
The Muhammad Ali Airport serves the metropolitan area of this city Louisville
62%
Tennessean city that hosted the 1982 World's Fair Knoxville
48%
Located at the very southern tip of Texas, across from the Mexican city of Matamoros Brownsville
39%
Home to the University of Virginia Charlottesville
39%
Alabaman city where NASA rockets were developed Huntsville
39%
Anchor city of Upstate South Carolina Greenville
37%
Most populous city in western North Carolina Asheville
35%
City where the University of Florida has its main campus Gainesville
35%
French town that hosted the 1992 Winter Olympics Albertville
34%
City in Queensland that is the most populous in Northern Australia Townsville
30%
Most populous city in Southern Indiana Evansville
25%
Fort Bragg is located right north of this North Carolinian city Fayetteville
24%
Gabon's biggest inland city with the namesake of an European country Franceville
23%
"Drumming" Quebecer city located 90 km northeast of Montreal Drummondville
11%
"Link" a word to "ville" to get the name of the biggest city in Brazil's Santa Catarina Joinville
8%
No matching quizzes found
Score Distribution
Percent of People with Each Score
Percentile by Number Answered
Your Score History
You have not taken this quiz since the last reset